Josef Bohuslav Foerster kapitolky z hudobnej

Bibliographic Details
Main Author: Pejhovský, Miroslav (Author)
Format: Article
Language:Slovak
ISSN:1335-793X
Subjects:

MARC

LEADER 00000nab a2200000 a 4500
001 vtls009938250
003 SK-MaSNL
005 20260303045041.0
008 140302c2009 xo |r|p||| |000 b|slo
015 |a SNBRB2009/07 
038 |a SPK 
040 |a SPKCL  |b slo  |c 2001  |e AACR2 
041 0 |a slo  |b slo 
044 |a xo  |c SK 
072 7 |a 78  |x Hudba  |2 konspekt 
080 |a 78  |2 1997 
080 |a 929 Foerster, Josef Bohuslav  |2 1997 
100 1 |a Pejhovský, Miroslav  |4 aut  |9 846369 
245 1 0 |a Josef Bohuslav Foerster  |b kapitolky z hudobnej  |c Miroslav Pejhovský 
600 1 7 |a Foerster, Josef Bohuslav,  |d 1859-1951  |2 snkbucl  |9 166431 
650 0 7 |a hudba  |2 spk  |9 1063 
773 0 |t Učiteľské noviny  |g Roč. LVII., 24.-25. týždeň (2009)  |x 1335-793X 
773 0 8 |t Školstvo odborne  |g 24.-25. týždeň (2009), s. 19 
852 |a SPK  |b KIS3GCP 
999 |c 1702376  |d 1704306